000 01443cam a2200337 a 4500
999 _c330338
_d330338
001 14298908
003 NUST
005 20170621110012.0
008 060314m20052006enka b 001 0 eng
010 _a 2006273416
020 _a9780521676304 (v. 1)
020 _a0521676304 (v. 1)
020 _a9780521676311 (v. 2)
020 _a0521676312 (v. 2)
040 _aDLC
_cDLC
_dDLC
050 0 0 _aRC961.5
_b.C527 2005
082 0 0 _a616.07 CHE
_222
100 1 _aCheesbrough, Monica.
_93003
245 1 0 _aDistrict laboratory practice in tropical countries /
_cMonica Cheesbrough.
250 _a2nd ed.
260 _aCambridge ;
_aNew York :
_bCambridge University Press,
_c2005-2006.
300 _a2 Vol. :
_bill. (some col.) ;
_c26 cm.
490 0 _aTropical health technology
500 _aP.B
650 0 _aTropical medicine
_vHandbooks, manuals, etc.
_93005
650 0 _aDiagnosis, Laboratory
_vHandbooks, manuals, etc.
_93006
650 0 _aMedical laboratories
_zDeveloping countries.
_93007
650 0 _aHealth service areas
_zDeveloping countries.
_93008
856 4 2 _3Publisher description
_uhttp://www.loc.gov/catdir/enhancements/fy0633/2006273416-d.html
856 4 1 _3Table of contents only
_uhttp://www.loc.gov/catdir/enhancements/fy0633/2006273416-t.html
906 _a7
_bcbc
_corigcop
_d2
_encip
_f20
_gy-gencatlg
942 _2ddc
_cBK
_kIESE